[Event "Foment Martinenc op-C 22nd"]
[Site "Barcelona"]
[Date "2022.06.04"]
[Round "7"]
[White "Gracia Poch, Frederic"]
[Black "Lopez Milan, David"]
[Result "0-1"]
[WhiteElo "1664"]
[BlackElo "1764"]
[PlyCount "82"]
[EventDate "2022.04.23"]
[EventType "swiss"]
[EventRounds "9"]
[EventCountry "ESP"]
[SourceTitle "EXT 2023"]
[Source "ChessBase"]
[SourceDate "2022.10.05"]
[SourceVersion "1"]
[SourceVersionDate "2022.10.05"]
[SourceQuality "1"]

1. d4 Nf6 2. c4 e6 3. Nc3 Bb4 4. Qc2 0-0 5. Bg5 h6 6. Bh4 d5 7. e3 b6 8. a3 Bxc3+ 9. Qxc3 Bb7 10. Nf3 Nbd7 11. Be2 dxc4 12. Qxc4 c5 13. dxc5 Nxc5 14. 0-0 Rc8 15. Rfd1 Qe7 16. Ne5 g5 17. Bg3 Ba6 18. Qc2 Nce4 19. Nc6 Rxc6 20. Qxc6 Bxe2 21. Bd6 Nxd6 22. Rxd6 Bb5 23. Qxb5 Qxd6 24. h3 Rc8 25. Qe2 Rd8 26. Qf3 e5 27. e4 Kg7 28. g3 Qd3 29. Kg2 Qxe4 30. Qxe4 Nxe4 31. Re1 f5 32. g4 Kf6 33. Re2 Rd2 34. Re1 Rxf2+ 35. Kg1 Rxb2 36. gxf5 Kxf5 37. Rf1+ Kg6 38. Re1 Nd2 39. Re3 e4 40. Rc3 Kf5 41. Kf2 Nb1+ 0-1

[Event "Barcelona Sant Marti op 9th"]
[Site "Barcelona"]
[Date "2020.03.12"]
[Round "9"]
[White "Febrero Perez, Lluis"]
[Black "Gracia Poch, Frederic"]
[Result "1-0"]
[WhiteElo "1385"]
[BlackElo "1361"]
[PlyCount "67"]
[EventDate "2020.01.16"]
[EventType "swiss"]
[EventRounds "9"]
[EventCountry "ESP"]
[SourceTitle "EXT 2021"]
[Source "ChessBase"]
[SourceDate "2020.10.23"]
[SourceVersion "1"]
[SourceVersionDate "2020.10.23"]
[SourceQuality "1"]

1. e4 c5 2. Nf3 d6 3. Bb5+ Nd7 4. 0-0 a6 5. Be2 Ngf6 6. Nc3 e6 7. b3 Be7 8. Bb2 0-0 9. Re1 b5 10. Bf1 Bb7 11. d3 Qc7 12. a4 b4 13. Ne2 d5 14. exd5 Bxd5 15. Ng3 a5 16. Ne5 Rad8 17. d4 cxd4 18. Bxd4 Nc5 19. Qd2 Nce4 20. Nxe4 Bxe4 21. c3 Bc5 22. Qe3 Bxd4 23. cxd4 Bd5 24. Rac1 Qb7 25. Rc5 Qa8 26. Rec1 Ne4 27. Rc7 Nc3 28. Qg3 Bxb3 29. Nd7 Bxa4 30. Nf6+ Kh8 31. Nh5 g6 32. Qe5+ f6 33. Nxf6 Rxf6 34. Qxf6+ 1-0

[Event "Barcelona Sants op 21st"]
[Site "Barcelona"]
[Date "2019.08.23"]
[Round "1"]
[White "Serentill Tost, Eduard"]
[Black "Gracia Poch, Frederic"]
[Result "1-0"]
[WhiteElo "1621"]
[BlackElo "1360"]
[PlyCount "75"]
[EventDate "2019.08.23"]
[EventType "swiss"]
[EventRounds "10"]
[EventCountry "ESP"]
[SourceTitle "EXT 2020"]
[Source "ChessBase"]
[SourceDate "2019.10.17"]
[SourceVersion "1"]
[SourceVersionDate "2019.10.17"]
[SourceQuality "1"]

1. e4 c5 2. Nf3 d6 3. d4 cxd4 4. Nxd4 a6 5. Nc3 Nf6 6. Be2 g6 7. Be3 Bg7 8. h3 0-0 9. Qd2 e5 10. Nb3 Be6 11. Bh6 Nc6 12. Bxg7 Kxg7 13. 0-0-0 Ne8 14. g4 Ne7 15. h4 h6 16. f4 f5 17. exf5 gxf5 18. gxf5 Nxf5 19. fxe5 Kh8 20. Bg4 Kh7 21. Bxf5+ Bxf5 22. exd6 Rf6 23. Qd5 Nxd6 24. Nc5 Qc7 25. N5e4 Nxe4 26. Nxe4 Qf4+ 27. Nd2 Be4 28. Qxe4+ Qxe4 29. Nxe4 Rc6 30. Rd7+ Kg8 31. Rg1+ Kf8 32. Rh7 Re8 33. Rh8+ Kf7 34. Rxe8 Kxe8 35. Rg7 b5 36. h5 a5 37. Rg6 Rc4 38. Nd6+ 1-0

[Event "Foment Martinenc op-C 19st"]
[Site "Barcelona"]
[Date "2017.05.27"]
[Round "6.1"]
[White "Gracia Poch, Frederic"]
[Black "Linares Bernet, Ana"]
[Result "1-0"]
[WhiteElo "1686"]
[BlackElo "1492"]
[PlyCount "175"]
[EventDate "2017.04.22"]
[EventType "swiss"]
[EventRounds "9"]
[EventCountry "ESP"]
[SourceTitle "EXT 2024"]
[Source "ChessBase"]
[SourceDate "2023.10.10"]
[SourceVersion "1"]
[SourceVersionDate "2023.10.10"]
[SourceQuality "1"]

1. d4 d5 2. c4 e6 3. Nf3 Nc6 4. Nc3 Bb4 5. Qc2 Nf6 6. Bg5 h6 7. Bh4 0-0 8. e3 a6 9. Be2 Nb8 10. 0-0 Nbd7 11. cxd5 Bxc3 12. Qxc3 exd5 13. Rac1 c6 14. Bd3 Qc7 15. Bg3 Qd8 16. Ne5 Nxe5 17. Bxe5 Nh7 18. Bb1 f6 19. Bg3 f5 20. f4 Be6 21. Qb3 Qd7 22. Qd1 Qe8 23. Bh4 a5 24. a4 b6 25. Bd3 Bd7 26. Rf3 Rf7 27. Rg3 Qe6 28. Qb3 Rb8 29. Qd1 Nf6 30. Bxf6 Rxf6 31. Qh5 Qf7 32. Qh4 Rg6 33. Rxg6 Qxg6 34. Qe7 Qf7 35. Qxf7+ Kxf7 36. Kf2 Kf6 37. Kg3 Rg8 38. h4 g6 39. Kf3 Rc8 40. b3 c5 41. Bb5 Bxb5 42. axb5 c4 43. bxc4 dxc4 44. Rc3 Ke7 45. e4 fxe4+ 46. Kxe4 Kd6 47. g4 Re8+ 48. Kf3 Kd5 49. Re3 Rxe3+ 50. Kxe3 a4 51. f5 gxf5 52. gxf5 a3 53. f6 a2 54. f7 a1Q 55. f8Q Qc1+ 56. Ke2 Qc2+ 57. Ke1 Qe4+ 58. Kf1 Qh1+ 59. Ke2 Qe4+ 60. Kf1 Kxd4 61. Qd8+ Kc3 62. Qf6+ Kb4 63. Qd6+ Kxb5 64. Qxh6 Qf3+ 65. Ke1 Ka5 66. Qg5+ b5 67. h5 Qe4+ 68. Kd1 Qd3+ 69. Qd2+ Qxd2+ 70. Kxd2 b4 71. h6 c3+ 72. Kc2 Kb5 73. Kb3 Kc5 74. h7 Kd4 75. h8Q+ Kd3 76. Qh3+ Kd2 77. Qg2+ Kd3 78. Qf3+ Kd4 79. Kxb4 c2 80. Qf2+ Kd3 81. Qe1 Kd4 82. Qd2+ Ke4 83. Qxc2+ Ke3 84. Kc4 Kf4 85. Kd4 Kf3 86. Qe4+ Kg3 87. Ke3 Kh3 88. Kf3 1-0